000 02246cam a2200313 a 4500
999 _c10007
_d10007
001 779874483
003 OCoLC
005 20241126110723.0
008 120423s2012 miu b 001 0 eng
010 _a2012007733
020 _a9780802867407 (pbk. : alk. paper)
020 _a0802867405 (pbk. : alk. paper)
035 _a(OCoLC)779874483
040 _aDLC
_beng
_cDLC
_dYDX
_dBTCTA
_dBDX
_dUKMGB
_dYDXCP
_dOCLCO
_dBWX
_dABF
_dCDX
_dWIO
_dLTS
042 _apcc
050 0 0 _aBS2745.53
_b.R63 2012
082 0 0 _a227.8307
_223
_bROB
090 _aBS2745.53
_b.R63 2012
100 1 _aRobinson, Anthony B.
_917404
245 1 0 _aCalled to lead :
_bPaul's letters to Timothy for a new day /
_cAnthony B. Robinson & Robert W. Wall ; [foreword by Walter Brueggemann].
260 _aGrand Rapids, Mich. :
_bWilliam B. Eerdmans Pub. Co.,
_c2012.
300 _axv, 239 p. ;
_c23 cm.
504 _aIncludes bibliographical references (p. 236-237) and index.
505 0 _aItching ears: ministry in a time of lost and contested authority -- What is the pastor's most essential work? 1 Timothy 1:3-17 -- Worship and the missional church: 1 Timothy 2:1-3:1a -- Lay leaderdhip in the household of God: 1 Timothy 3:1b-13 -- Pastoral leadership in the household of God: 1 Timothy 3:14-4:16 -- Order (and disorder) in the household of God: 1 Timothy 5:1-6:2 -- The challenge and opportunity of having money: 1 Timothy 6:2b-19 -- A crisis of courage: 2 Timothy 1:3-14 -- Claiming the power, sharing the suffering: a pastoral work ethics: 2 Timothy 2:1-7 -- Remember resurrection: 2 Timothy 2:8-26 -- The final charge: 2 Timothy 3:10-4:8.
520 _aFeaturing both exegetical study and dynamic contemporary exposition, each chapter of Called to Lead first interprets the text of 1 and 2 Timothy as Scripture and then engages 1 and 2 Timothy for today's church leaders. The book covers many vexing issues faced by church leaders then and now -- such issues as the use of money, leadership succession, pastoral authority, and the role of Scripture. Through it all, Called to Lead shows how Timothy remains a text of great value for the church today.
630 0 0 _aBible.
_pTimothy
_vCommentaries.
_917405
700 1 _aWall, Robert W.
_917406
942 _2ddc
_cBK
_01